000 00429nam a2200157 4500
001 112440
003 ES-MaACL
005 20230906185530.0
007 t|
008 061121s1973 sp r ||||1| spa d
100 1 _aMuñoz Juárez, Ricardo.
_984440
245 1 0 _aTeología de la guerra /
_cRicardo Muñoz Juárez.
260 _aMadrid :
_bSpeiro,
_c1973.
300 _a58 p. ;
_c22 cm.
852 _aES-MaACL
_jC-51941
_bR.85499
999 _c112440
_d112440